| 000 | 00655nam a2200205 a 4500 | ||
|---|---|---|---|
| 001 | 2533 | ||
| 003 | CDMR | ||
| 005 | 20131210125401.0 | ||
| 008 | 130130s1963||||||||||||||||||||||||||||d | ||
| 040 |
_aCDMR _bcat _cCDMR |
||
| 100 | 1 |
_aClausse, Roger _91899 |
|
| 245 | 1 | 4 |
_aLes nouvelles _b: synthèse critique _cpar Roger Clausse |
| 260 |
_aBruxelles _c1963 _bInstitut de Sociologia de l'Université Libre de Bruxelles |
||
| 300 |
_a492 p ; _c24 cm |
||
| 650 | 0 | 4 |
_93082 _aMitjans de comunicació social |
| 650 | 0 | 4 |
_93846 _aDiaris _xCirculació |
| 650 | 0 | 4 |
_94289 _aComunicació _xAspectes socials |
| 650 | 0 | 4 |
_92190 _aComunicació internacional |
| 942 |
_cMON _2udc |
||
| 999 |
_c2533 _d2533 |
||